Les 25 meilleurs buteurs de l'histoire du FC Barcelone - Statistiques

Statistiques générales
  • Ce quiz a été pris 218 fois
  • Le résultat moyen est 6 sur 25
Statistiques - réponses
# Joueur Nation Naissance Buts Matchs Buts par match % Correct
1 Lionel Messi Argentine 1987 672 778 0,86
99%
3 Luis Suárez Uruguay 1987 195 283 0,69
97%
17 Neymar Brésil 1992 105 186 0,56
90%
5 Samuel Eto'o Cameroun 1981 130 199 0,65
87%
20 Ronaldinho Brésil 1980 94 207 0,45
57%
6 Rivaldo Brésil 1972 130 235 0,55
50%
19 Pedro Espagne 1987 99 321 0,31
43%
11 Hristo Stoichkov Bulgarie 1966 117 255 0,46
36%
8 Patrick Kluivert Pays-Bas 1976 122 257 0,47
27%
24 Ronald Koeman Pays-Bas 1963 88 264 0,33
23%
13 Luis Enrique Espagne 1970 108 300 0,36
6%
4 László Kubala Hongrie 1927 193 254 0,76
5%
2 César Rodríguez Espagne 1920 226 344 0,66
3%
23 Bernd Schuster Allemagne 1959 89 241 0,37
2%
25 Josep Samitier Espagne 1902 86 103 0,83
2%
9 Carles Rexach Espagne 1947 122 449 0,27
1%
12 Estanislao Basora Espagne 1926 110 296 0,37
1%
16 Eulogio Martínez Espagne 1935 105 162 0,65
1%
15 Evaristo de Macedo Brésil 1933 105 151 0,7
1%
10 Josep Escolà Espagne 1914 120 191 0,63
1%
7 Mariano Martín Espagne 1919 129 144 0,9
1%
21 José Mari Bakero Espagne 1963 94 347 0,27
0%
14 José Zaldúa Espagne 1941 106 215 0,49
0%
18 Juan Manuel Asensi Espagne 1949 101 396 0,26
0%
22 Justo Tejada Espagne 1933 92 194 0,47
0%
Aucun quiz correspondant
Distribution des résultats
% des personnes avec chaque résultat
Percentile par nombre de réponses
Votre historique - résultats
Vous n’avez pas pris ce quiz